Statistics for All ARK: Survival Evolved Creatures New To Genesis Part 2

Click here to take the quiz!

General Stats

  • This quiz has been taken 14 times
  • The average score is 4 of 7

Answer Stats

DietAnswer% Correct
PiscivoreShadowmane
100%
OmnivoreMaewing
77%
UnknownNoglin
69%
UnknownSummoner
54%
UnknownTek Stryder
54%
UnknownAstrodelphis
46%
CarnivoreVoidwyrm
38%

Score Distribution

Percentile by Number Answered

Percent of People with Each Score

Your Score History

You have not taken this quiz